Bytový dom

Salvato in:
Dettagli Bibliografici
Autore principale: Šimková, Jana Lillien (Autore)
Altri autori: Bosák, Lukáš (Relatore della tesi)
Natura: Manoscritto Libro
Lingua:slovacco
Pubblicazione: 2025
Soggetti:
Accesso online:http://is.stuba.sk/zp/portal_zp.pl?podrobnosti=162079
CRZP
Tags: Aggiungi Tag
Nessun Tag, puoi essere il primo ad aggiungerne!!

MARC

LEADER 00000ntm a22000003a 4500
001 stuzp98811
003 SK-STU
005 20250729134153.2
007 ta
008 150427s2015----xo-----f-mn---000-0-slo-d
040 |a STU  |b slo 
041 0 |a slo 
100 1 |a Šimková, Jana Lillien  |u 010180  |4 aut  |U SvF Stavebná fakulta  |T SvF Katedra konštrukcií pozemných stavieb  |X 110334  |U V180  |Y 18  |7 110334 
242 0 1 |a Residential building  |y eng 
245 1 0 |a Bytový dom 
260 |c 2025 
650 4 |a bytový dom  |2 slo 
650 4 |a Pliešovce  |2 slo 
650 4 |a realizačný projekt  |2 slo 
650 4 |a ustúpené podlažie  |2 slo 
650 4 |a architektonický návrh  |2 slo 
650 4 |a residential building  |2 eng 
650 4 |a Pliešovce  |2 eng 
650 4 |a construction project  |2 eng 
650 4 |a recessed floor  |2 eng 
650 4 |a architectural design  |2 eng 
700 1 |a Bosák, Lukáš  |u 010180  |k Z1  |4 ths  |U SvF Stavebná fakulta  |T SvF Katedra konštrukcií pozemných stavieb  |X 57762  |U V180  |Y 18  |7 A000057762 
856 4 |u http://is.stuba.sk/zp/portal_zp.pl?podrobnosti=162079 
856 4 |u https://opac.crzp.sk/?fn=detailBiblioForm&sid=C9A1C75A261DD259FC824D1E26A3  |z CRZP